00937nam a2200229 a 4500001001000000003000500010005001700015008004100032010001100073011001100084040000900095100004100104245018200145260004100327500006000368502008700428650002500515650003600540650004100576650002000617856007000637000110900CHAP20220329144150.0141020s2014 mx a |sm |||||||spa d a107362 a108334 cCHAP1 aRomero Morales, Angélica Guadalupe10aCaracterización y evaluación de la calidad de los corredores fluviales en zonas aledañas a Castelo Branco, Portugalh[En línea]cpor Angélica Guadalupe Romero Morales. aChapingo, Méx. :bEl autor,c2014. aPara ver el contenido del material haga clic en la liga aTesis (Ing. en Restauración Forestal) -- UACH. División de Ciencias Forestales14aControl de avenidas.14aCorrientes de aguaxMedición.14aRecursos naturalesxAprovechamiento.14aRioszPortugal. aFinding aiduhttp://10.13.5.2/tesis/sist110900.pdfzTeclea aquí